000 01590nam a2200433 i 4500
001 30834
003 KOSZ 005
005 20240405063052.0
008 200617s1995 pl a g f 000 0 pol
015 _aPB 1997/17235
020 _a8386123206
040 _aWA N
_cWA N
_dKOSZ 005/RW
045 _bd1944
_bd1945
046 _k1995
080 _a94(438).083
080 _a327(100)
245 0 0 _aSprawa polska 1944-1945 :
_bwybór źródeł /
_cwstęp, wybór i opracowanie Bogusław Polak ; Wyższa Szkoła Inżynierska w Koszalinie.
260 _aKoszalin :
_bWydawnictwo Uczelniane Wyzszej Szkoły Inżynierskiej,
_c1995.
300 _a147 stron, [1] karta tablic :
_bilustracje ;
_c23 cm.
336 _aTekst
_btxt
_2rdacontent
337 _aBez urządzenia pośredniczącego
_bn
_2rdamedia
338 _aWolumin
_bnc
_2rdacarrier
380 _aKsiążki.
380 _aPublikacje naukowe
388 _a1901-2000
388 _a1989-2000
648 7 _a1901-2000
648 7 _a1939-1945
648 7 _a1945-1989
650 7 _aPolityka międzynarodowa
651 7 _aPolska
655 7 _aWydawnictwo źródłowe
658 _aHistoria
700 1 _aPolak, Bogusław
_d(1945-)
_eOpracowanie
710 2 _aWydawnictwo Uczelniane (Wyższa Szkoła Inżynierska ; Koszalin)
_4pbl
856 _uhttp://koha.tu.koszalin.pl/cgi-bin/koha/opac-detail.pl?biblionumber=30834
_yKatalog online BPK
856 _uhttp://dlibra.tu.koszalin.pl/dlibra/docmetadata?id=1258&from=latest
_yBiblioteka Cyfrowa
942 _2UKD
_cKS
999 _c30834
_d30834